[Event "Mittelfranken-chTB2a 1112"]
[Site "Germany"]
[Date "2012.03.11"]
[Round "8.6"]
[White "Metzenroth, Dieter"]
[Black "Pidtoptanyy, Igor"]
[Result "0-1"]
[WhiteElo "1798"]
[BlackElo "1825"]
[PlyCount "94"]
[EventDate "2011.09.25"]
[EventType "team-tourn"]
[EventRounds "9"]
[EventCountry "GER"]
[SourceTitle "EXT 2018"]
[Source "ChessBase"]
[SourceDate "2017.10.13"]
[SourceVersion "1"]
[SourceVersionDate "2017.10.13"]
[SourceQuality "1"]
[WhiteTeam "Cadolzburg"]
[BlackTeam "Nuernberg Sued SW III"]
[WhiteTeamCountry "GER"]
[BlackTeamCountry "GER"]

1. d4 d5 2. Bf4 c5 3. e3 Nc6 4. Nf3 Qb6 5. Nc3 cxd4 6. exd4 Qa5 7. a3 a6 8. h3 Bf5 9. Be2 Nf6 10. 0-0 e6 11. Re1 h6 12. Bd3 Bxd3 13. Qxd3 Be7 14. Ne5 Qb6 15. Red1 Rc8 16. Rab1 0-0 17. Qe3 Qd8 18. Nxc6 Rxc6 19. Rd3 Bd6 20. Be5 Bxe5 21. dxe5 Nd7 22. Qe2 Qc7 23. Re1 f6 24. exf6 Rxf6 25. Qg4 Ne5 26. Qg3 Nxd3 27. Qxc7 Rxc7 28. cxd3 Kf7 29. Re2 b5 30. f3 Rd7 31. Kf2 Ke7 32. Ke1 Kd6 33. b4 e5 34. Kd2 Rf8 35. Kc2 Rc8 36. Kb2 Rdc7 37. Nd1 Rc1 38. Ne3 R1c7 39. Kb3 d4 40. Ng4 Re7 41. Kb2 a5 42. Nf2 axb4 43. axb4 Ra7 44. Ne4+ Kd5 45. Kb1 Ra3 46. Nc5 Rxc5 47. bxc5 Rxd3 0-1

[Event "Mittelfranken-chTB2a 1112"]
[Site "Germany"]
[Date "2012.02.05"]
[Round "6.7"]
[White "Pidtoptanyy, Igor"]
[Black "Riess, Michael"]
[Result "1-0"]
[WhiteElo "1801"]
[BlackElo "1509"]
[PlyCount "115"]
[EventDate "2011.09.25"]
[EventType "team-tourn"]
[EventRounds "9"]
[EventCountry "GER"]
[SourceTitle "EXT 2013"]
[Source "ChessBase"]
[SourceDate "2012.11.22"]
[SourceVersion "1"]
[SourceVersionDate "2012.11.22"]
[SourceQuality "1"]
[WhiteTeam "Nuernberg Sued SW III"]
[BlackTeam "Ansbach"]
[WhiteTeamCountry "GER"]
[BlackTeamCountry "GER"]

1. e4 e6 2. d4 d5 3. Nc3 dxe4 4. Nxe4 Nd7 5. Bd3 Ngf6 6. Nxf6+ Nxf6 7. Nf3 c5 8. 0-0 h6 9. Be3 cxd4 10. Bxd4 Be7 11. Ne5 Bd7 12. Qf3 Qc7 13. Nxd7 Qxd7 14. Rad1 Qd5 15. Qxd5 exd5 16. Bb5+ Kd8 17. Bxf6 Bxf6 18. Rxd5+ Kc7 19. Rd7+ Kb6 20. Bc4 Rac8 21. b3 Rhf8 22. Rfd1 Rc7 23. a4 Rxd7 24. Rxd7 Rd8 25. Rxd8 Bxd8 26. Bxf7 Bf6 27. Bd5 Kc7 28. Kf1 b6 29. Ke2 Kd6 30. Bg8 Kc5 31. Kd3 Kb4 32. f4 a5 33. g4 g5 34. fxg5 hxg5 35. Bh7 Be5 36. h3 Bf4 37. Bg8 Be5 38. Ke4 Bc3 39. Kf5 Bd2 40. Bc4 Kc3 41. Bd3 Be3 42. h4 gxh4 43. g5 h3 44. g6 Bd4 45. Ke6 h2 46. Be4 h1Q 47. Bxh1 Kxc2 48. Bd5 Kc3 49. Kf7 Kb4 50. Bc4 Kc5 51. g7 Bxg7 52. Kxg7 Kc6 53. Kf6 Kd6 54. Kf5 Kc6 55. Ke5 Kc5 56. Ke4 Kc6 57. Kd4 Kd6 58. Bd5 1-0

[Event "Mittelfranken-chTB1 1011"]
[Site "Germany"]
[Date "2010.12.05"]
[Round "4.7"]
[White "Jaeger, Peter"]
[Black "Pidtoptanyy, Igor"]
[Result "0-1"]
[WhiteElo "1781"]
[BlackElo "1921"]
[PlyCount "104"]
[EventDate "2010.09.26"]
[EventType "team-tourn"]
[EventRounds "9"]
[EventCountry "GER"]
[SourceTitle "EXT 2012"]
[Source "ChessBase"]
[SourceDate "2011.11.24"]
[SourceVersion "1"]
[SourceVersionDate "2011.11.24"]
[SourceQuality "1"]
[WhiteTeam "Gunzenhausen"]
[BlackTeam "Nuernberg Sued SW III"]
[WhiteTeamCountry "GER"]
[BlackTeamCountry "GER"]

1. d4 Nf6 2. f3 d5 3. Bg5 h6 4. Bh4 c5 5. e3 Qb6 6. b3 Nc6 7. c3 cxd4 8. exd4 Bf5 9. Bd3 Bxd3 10. Qxd3 e6 11. Ne2 Be7 12. 0-0 Ne5 13. Qd1 Ng6 14. Bf2 Qa6 15. a4 Rc8 16. b4 0-0 17. b5 Qa5 18. Nd2 Nh5 19. g3 Nf6 20. Nb3 Qc7 21. Qd2 Bd6 22. Kg2 Nd7 23. Qd3 Qd8 24. a5 Qg5 25. Be3 Nh4+ 26. Kh1 Qf5 27. Qxf5 Nxf5 28. Bd2 Be7 29. Kg2 Nd6 30. Rfb1 Nxb5 31. Nc5 Nxc5 32. Rxb5 a6 33. Rb2 Nd7 34. Rxb7 Rfd8 35. Bf4 Bg5 36. Bxg5 hxg5 37. Rab1 Kf8 38. Ra7 Ra8 39. Rc7 Ke7 40. Rbb7 Kd6 41. Nc1 Rac8 42. Rxc8 Rxc8 43. Na2 f6 44. Rb3 e5 45. dxe5+ fxe5 46. Kh3 Rc5 47. Kg4 Rxa5 48. Rb2 e4 49. Kxg5 exf3 50. Kf4 Ne5 51. Rb6+ Kc5 52. Rb2 Nd3+ 0-1

[Event "Mittelfranken-chTB1 1011"]
[Site "Germany"]
[Date "2010.10.17"]
[Round "2.5"]
[White "Pidtoptanyy, Igor"]
[Black "Endres, Christian"]
[Result "0-1"]
[WhiteElo "1921"]
[BlackElo "1976"]
[PlyCount "134"]
[EventDate "2010.09.26"]
[EventType "team-tourn"]
[EventRounds "9"]
[EventCountry "GER"]
[SourceTitle "EXT 2012"]
[Source "ChessBase"]
[SourceDate "2011.11.24"]
[SourceVersion "1"]
[SourceVersionDate "2011.11.24"]
[SourceQuality "1"]
[WhiteTeam "Nuernberg Sued SW III"]
[BlackTeam "Altensittenbach"]
[WhiteTeamCountry "GER"]
[BlackTeamCountry "GER"]

1. e4 c5 2. c3 Nf6 3. e5 Nd5 4. d4 cxd4 5. cxd4 d6 6. Nf3 Nc6 7. Bc4 Nb6 8. Bb5 dxe5 9. Nxe5 Bd7 10. Nxd7 Qxd7 11. 0-0 0-0-0 12. Qc2 e6 13. Be3 Kb8 14. Bxc6 Qxc6 15. Qxc6 bxc6 16. Nc3 Be7 17. Rfd1 Rd7 18. Kf1 Rhd8 19. Ke1 Bf6 20. Bf4+ Ka8 21. Be5 Bxe5 22. dxe5 Nc4 23. Rxd7 Rxd7 24. b3 Nxe5 25. Ke2 Ng6 26. g3 e5 27. Ne4 h6 28. Rc1 Ne7 29. Rc5 Rd5 30. Rc1 Kb7 31. f3 Kb6 32. b4 Nf5 33. g4 Nd4+ 34. Ke3 Ne6 35. a3 Nf4 36. Nc5 Kb5 37. Rc2 a5 38. Nb7 axb4 39. axb4 Ne6 40. Na5 Nd4 41. Rb2 Rd7 42. Ke4 f6 43. f4 exf4 44. Rd2 f3 45. Ke3 Rd5 46. Kf2 c5 47. Nb3 Kxb4 48. Nxd4 Rxd4 49. Rb2+ Kc3 50. Rb7 Rxg4 51. Kxf3 Rg5 52. h4 Rg1 53. Kf2 Rg4 54. Kf3 Rxh4 55. Rxg7 c4 56. Rf7 Kc2 57. Rxf6 c3 58. Rd6 Kc1 59. Ke3 c2 60. Rb6 Rh5 61. Rc6 Kb2 62. Rb6+ Kc1 63. Rc6 Re5+ 64. Kf3 Kd2 65. Rd6+ Kc3 66. Rc6+ Kd3 67. Rd6+ Kc4 0-1